[Event "BRNO OPEN 2019 A - FIDE open"]
[Site "Brno"]
[Date "2019.11.03"]
[Round "1"]
[White "Nezval, Filip"]
[Black "Skurikhin, Dmitrij"]
[Result "0-1"]
[WhiteElo "1771"]
[BlackElo "2295"]
[PlyCount "104"]
[EventDate "2019.11.03"]

1. d4 d5 2. c4 c6 3. Nc3 Nf6 4. Nf3 a6 5. e3 e6 6. Qc2 Nbd7 7. Bd3 dxc4 8. Bxc4
b5 9. Bd3 c5 10. Ne4 c4 11. Nxf6+ Nxf6 12. Be2 Bb7 13. O-O Be4 14. Qd1 Qd5 15.
Ne1 Rd8 16. a4 Be7 17. axb5 axb5 18. f3 Bg6 19. e4 Qc6 20. Be3 O-O 21. Qc2 Qb6
22. Bf2 Nd5 23. b3 Nb4 24. Qc3 cxb3 25. Qxb3 Rb8 26. Nd3 Nxd3 27. Bxd3 Rfd8 28.
Rab1 b4 29. Bc4 Rbc8 30. Rfc1 Rc7 31. Bd3 Rxc1+ 32. Rxc1 Bf6 33. e5 Bg5 34. Rb1
Bxd3 35. Qxd3 Be7 36. Qc4 Qb7 37. Be3 h6 38. h3 Rc8 39. Qd3 Qd5 40. Qb3 Rc4 41.
Kf2 Bh4+ 42. g3 Bg5 43. f4 Be7 44. Ra1 Qc6 45. Ra8+ Bf8 46. Rb8 Rc2+ 47. Bd2
Rxd2+ 48. Ke3 Rg2 49. Qxb4 Rxg3+ 50. Kd2 Qg2+ 51. Kc1 Qh1+ 52. Kc2 Qh2+ 0-1

[Event "BRNO OPEN 2019 A - FIDE open"]
[Site "Brno"]
[Date "2019.11.03"]
[Round "1"]
[White "Aayush, Bhattacherjee"]
[Black "Hofirek, Benedikt"]
[Result "0-1"]
[WhiteElo "1765"]
[BlackElo "2269"]
[PlyCount "104"]
[EventDate "2019.11.03"]

1. e4 g6 2. d4 Bg7 3. Nf3 d6 4. Nc3 Nf6 5. h3 O-O 6. Be3 b6 7. Bd3 Bb7 8. O-O
Nbd7 9. Qe2 e5 10. dxe5 dxe5 11. Rad1 a6 12. Rfe1 Qe7 13. a3 Rfd8 14. Nh2 Nc5
15. f3 Nh5 16. Bxc5 Qxc5+ 17. Qf2 Bf8 18. Ng4 b5 19. Na2 f6 20. Nc1 a5 21. Nb3
Qc6 22. Qf1 a4 23. Nc1 Ng3 24. Qf2 Bc5 25. Ne3 Nh5 26. c4 b4 27. Kh2 Qb6 28. g3
bxa3 29. bxa3 Bxa3 30. Ng4 Bxc1 31. c5 Qb4 32. Qa2+ Kg7 33. Qe6 Qxc5 34. Rxc1
Bc8 35. Qa2 Qd6 36. Rcd1 Qe7 37. Qd2 Be6 38. Qc2 Ra7 39. Qf2 Rda8 40. Bb5 Ra5
41. Bc6 R8a7 42. Rd3 a3 43. Qd2 g5 44. Rd8 a2 45. Re8 Qxe8 46. Bxe8 a1=Q 47.
Rxa1 Rxa1 48. Nf2 R7a2 49. Qe3 Rf1 50. Kg2 Rfxf2+ 51. Qxf2 Rxf2+ 52. Kxf2 Bf7
0-1

[Event "BRNO OPEN 2019 A - FIDE open"]
[Site "Brno"]
[Date "2019.11.03"]
[Round "1"]
[White "Koutny, Petr"]
[Black "Nespor, Ivan"]
[Result "1-0"]
[WhiteElo "2217"]
[BlackElo "1737"]
[PlyCount "79"]
[EventDate "2019.11.03"]

1. e4 e5 2. Nf3 Nc6 3. Nc3 Nf6 4. Bb5 Bc5 5. Nxe5 Bxf2+ 6. Kxf2 Nxe5 7. Be2 d6
8. h3 Be6 9. d4 Ng6 10. Rf1 h6 11. Kg1 Qd7 12. Qd3 Qe7 13. Qf3 c6 14. Be3 O-O
15. Bxh6 gxh6 16. Qxf6 Qxf6 17. Rxf6 Kg7 18. Raf1 Rad8 19. Bd3 Ne7 20. R6f3 Rg8
21. Rg3+ Kh8 22. Rff3 Rdf8 23. Kf2 Rg5 24. Rxg5 hxg5 25. e5 d5 26. Ne2 b6 27.
g4 c5 28. c3 c4 29. Bf5 Kg7 30. Ng3 Rh8 31. Bxe6 fxe6 32. Nh5+ Rxh5 33. gxh5
Nf5 34. Ke2 b5 35. Kd2 a5 36. Kc2 b4 37. Kd2 Kh6 38. Rxf5 exf5 39. e6 g4 40. e7
1-0

[Event "BRNO OPEN 2019 A - FIDE open"]
[Site "Brno"]
[Date "2019.11.03"]
[Round "1"]
[White "Kochev, Igor"]
[Black "Baklanova, Tatiana"]
[Result "0-1"]
[WhiteElo "1696"]
[BlackElo "2173"]
[PlyCount "104"]
[EventDate "2019.11.03"]

1. e4 c5 2. c3 Nf6 3. e5 Nd5 4. d4 cxd4 5. cxd4 e6 6. Nc3 Nxc3 7. bxc3 d6 8.
Nf3 Nc6 9. Bb5 Qa5 10. Bxc6+ bxc6 11. Qb3 Ba6 12. Ba3 c5 13. Rc1 dxe5 14. dxc5
Bxc5 15. Bxc5 Qxc5 16. Qa4+ Bb5 17. Qe4 O-O 18. c4 Qb4+ 19. Nd2 Rad8 20. Qe3
Bc6 21. f3 Rd4 22. Qc3 Qd6 23. Ke2 Rd8 24. Rhd1 Ba4 25. c5 Bxd1+ 26. Rxd1 Qa6+
27. Ke1 Rd3 28. Qxe5 Qa5 29. Qe2 Qxc5 30. Kf1 Qc2 31. Ke1 h6 32. h4 Qc3 33. Qf2
Re3+ 34. Kf1 Qd3+ 35. Kg1 Re2 36. Qxa7 Rxd2 37. Rxd2 Qxd2 38. Qf2 Qxf2+ 39.
Kxf2 Rd2+ 40. Kg3 Rxa2 41. Kh3 f5 42. Kg3 Kf7 43. Kh3 Kg6 44. Kg3 e5 45. Kh3 e4
46. fxe4 fxe4 47. Kg3 Kf5 48. Kh2 Kf4 49. Kh3 e3 50. Kh2 e2 51. h5 e1=Q 52. Kh3
Qg3# 0-1

[Event "BRNO OPEN 2019 A - FIDE open"]
[Site "Brno"]
[Date "2019.11.03"]
[Round "1"]
[White "Chudinovskikh, Alexander M"]
[Black "Gonchar, Svitlana"]
[Result "1-0"]
[WhiteElo "2149"]
[BlackElo "1677"]
[PlyCount "71"]
[EventDate "2019.11.03"]

1. e4 d5 2. exd5 Qxd5 3. Nc3 Qd8 4. d4 Nf6 5. Bg5 Bg4 6. Be2 Bxe2 7. Qxe2 c6 8.
O-O-O e6 9. d5 cxd5 10. Nxd5 Nbd7 11. Nf3 Be7 12. Nxe7 Qxe7 13. Ne5 Qc5 14. Bf4
Rd8 15. Nc4 O-O 16. Bd6 Qg5+ 17. f4 Qg4 18. Qxg4 Nxg4 19. Bxf8 Kxf8 20. Rd2 Ke7
21. Rhd1 Ngf6 22. Ne5 Nd5 23. c4 Rc8 24. Kb1 Nxe5 25. cxd5 Nc4 26. Rc2 b5 27.
dxe6 fxe6 28. Kc1 Rd8 29. Rxd8 Kxd8 30. b3 Ne3 31. Re2 Nd5 32. Rxe6 Nxf4 33.
Ra6 Ke7 34. Rxa7+ Kf6 35. a4 bxa4 36. bxa4 1-0

[Event "BRNO OPEN 2019 A - FIDE open"]
[Site "Brno"]
[Date "2019.11.03"]
[Round "1"]
[White "Svoboda, Zdenek"]
[Black "Bullen, Alex"]
[Result "1/2-1/2"]
[WhiteElo "1676"]
[BlackElo "2108"]
[PlyCount "76"]
[EventDate "2019.11.03"]

1. e4 c6 2. d4 d5 3. Nc3 dxe4 4. Nxe4 Bf5 5. Ng3 Bg6 6. h4 h6 7. h5 Bh7 8. Bd3
Bxd3 9. Qxd3 e6 10. Nf3 Nd7 11. Bd2 Ngf6 12. Ne4 Nxe4 13. Qxe4 Nf6 14. Qd3 Be7
15. Ne5 Qd5 16. f3 Rd8 17. c3 Qxe5+ 18. dxe5 Rxd3 19. exf6 Bxf6 20. Ke2 Rd5 21.
Be3 b6 22. g4 Kd7 23. Rhd1 Kc8 24. b3 Rhd8 25. c4 Rxd1 26. Rxd1 Rxd1 27. Kxd1
e5 28. a4 Kb7 29. Kc2 a5 30. Kd3 b5 31. Ke4 bxa4 32. bxa4 Kc7 33. Kf5 Be7 34.
c5 Kd7 35. Kxe5 Bf8 36. Kf5 Ke7 37. f4 Ke8 38. g5 Be7 1/2-1/2

[Event "BRNO OPEN 2019 A - FIDE open"]
[Site "Brno"]
[Date "2019.11.03"]
[Round "1"]
[White "Denisenko, Denis"]
[Black "Kosina, Vladimir"]
[Result "1-0"]
[WhiteElo "2091"]
[BlackElo "1669"]
[PlyCount "61"]
[EventDate "2019.11.03"]

1. d4 {[%emt 0:00:00]} d5 2. Bf4 c6 3. e3 Nf6 4. Bd3 Bg4 5. f3 Bh5 6. Ne2 Bg6
7. Nbc3 e6 8. e4 Bb4 9. e5 Bxd3 10. Qxd3 Nfd7 11. O-O O-O 12. Bd2 Ba5 13. f4 f5
14. g4 fxg4 15. f5 Bb6 16. Kh1 Qe7 17. Rf4 Na6 18. a3 Nc7 19. Rg1 h5 20. f6 Qf7
21. h3 gxf6 22. hxg4 Kh8 23. g5 Rg8 24. g6 Nxe5 25. dxe5 Qg7 26. exf6 Qh6 27.
Rh4 Bxg1 28. Bxh6 Ne8 29. g7+ Rxg7 30. Bxg7+ Kg8 31. Qg6 1-0

[Event "BRNO OPEN 2019 A - FIDE open"]
[Site "Brno"]
[Date "2019.11.03"]
[Round "1"]
[White "Radsetoulal, Vlastimil"]
[Black "Kovalenko, Vladimir N"]
[Result "0-1"]
[WhiteElo "1643"]
[BlackElo "2079"]
[PlyCount "42"]
[EventDate "2019.11.03"]

1. d4 {[%emt 0:00:00]} c5 2. Nf3 cxd4 3. Nxd4 d5 4. Bf4 f6 5. Bg3 e5 6. Nf3 Nc6
7. e3 Be6 8. c3 Nh6 9. h3 Be7 10. Nbd2 O-O 11. Be2 Qd7 12. Qc2 Rac8 13. O-O-O
Nb4 14. Qb3 d4 15. c4 d3 16. Bf1 b5 17. a3 bxc4 18. Nxc4 Rxc4+ 19. Kb1 Rc1+ 20.
Rxc1 Bxb3 21. axb4 Bc2+ 0-1

[Event "BRNO OPEN 2019 A - FIDE open"]
[Site "Brno"]
[Date "2019.11.03"]
[Round "1"]
[White "Jires, Jiri"]
[Black "Smietanska, Wiktoria"]
[Result "1-0"]
[WhiteElo "2077"]
[BlackElo "1641"]
[PlyCount "63"]
[EventDate "2019.11.03"]

1. e4 c5 2. Nf3 d6 3. d4 Nf6 4. Nc3 cxd4 5. Nxd4 a6 6. Be2 e5 7. Nb3 Be6 8. O-O
Be7 9. f4 b5 10. f5 Bc8 11. Bf3 Bb7 12. Bg5 Nbd7 13. a3 h6 14. Be3 O-O 15. Qe1
Rc8 16. Rd1 Qc7 17. Qg3 Kh7 18. Rfe1 Nb6 19. Bc1 Nc4 20. Rd3 Nd7 21. Kh1 Nc5
22. Nxc5 dxc5 23. Nd5 Bxd5 24. exd5 Bd6 25. f6 Rg8 26. fxg7 Rxg7 27. Qh3 Kg8
28. Bxh6 Rg6 29. Be4 Nxb2 30. Bxg6 fxg6 31. Qe6+ Kh7 32. Rh3 1-0

[Event "BRNO OPEN 2019 A - FIDE open"]
[Site "Brno"]
[Date "2019.11.03"]
[Round "1"]
[White "Ahlers, Knut"]
[Black "Strnad, Jiri"]
[Result "1-0"]
[WhiteElo "2037"]
[BlackElo "1589"]
[PlyCount "47"]
[EventDate "2019.11.03"]

1. e4 c5 2. Nf3 d6 3. d4 cxd4 4. Nxd4 Nf6 5. Nc3 a6 6. f3 Nc6 7. Nb3 e6 8. Be3
b5 9. Qd2 Bb7 10. O-O-O Rc8 11. Bf4 Rc7 12. Bxb5 axb5 13. Nxb5 Rd7 14. Nxd6+
Bxd6 15. Bxd6 Ne7 16. Nc5 O-O 17. Nxd7 Qxd7 18. Qb4 Nc6 19. Bxf8 Qxd1+ 20. Rxd1
Nxb4 21. Bxb4 h6 22. g4 Bc6 23. Be7 Nd7 24. Rd6 1-0

[Event "BRNO OPEN 2019 A - FIDE open"]
[Site "Brno"]
[Date "2019.11.03"]
[Round "1"]
[White "Rychtecky, Pavel"]
[Black "Tesar, Jan"]
[Result "0-1"]
[WhiteElo "1569"]
[BlackElo "2029"]
[PlyCount "40"]
[EventDate "2019.11.03"]

1. e4 c5 2. Nf3 a6 3. d4 cxd4 4. Nxd4 Nf6 5. Nc3 e5 6. Nb3 Bb4 7. Bd3 d5 8.
exd5 Qxd5 9. O-O Bxc3 10. bxc3 O-O 11. Bg5 Qc6 12. Qe2 e4 13. Bxf6 exd3 14.
cxd3 Qxf6 15. d4 Bf5 16. Rfe1 Nd7 17. Qf3 Rab8 18. Na5 Be6 19. Qd3 Qf5 20. Qd2
Qxa5 0-1

[Event "BRNO OPEN 2019 A - FIDE open"]
[Site "Brno"]
[Date "2019.11.03"]
[Round "1"]
[White "Kalinowska, Zuzanna"]
[Black "Krueger, Thomas"]
[Result "1-0"]
[WhiteElo "1998"]
[BlackElo "1569"]
[PlyCount "53"]
[EventDate "2019.11.03"]

1. d4 Nf6 2. c4 e6 3. Nc3 Bb4 4. e3 c5 5. Bd3 Nc6 6. Nge2 d5 7. cxd5 Nxd5 8.
O-O cxd4 9. exd4 Nce7 10. Bg5 O-O 11. a3 Bd6 12. Nxd5 exd5 13. Nc3 f6 14. Be3
Bf5 15. Bxf5 Nxf5 16. Qb3 Ne7 17. g3 Bc7 18. Rac1 Bb6 19. Na4 h5 20. Rfe1 g5
21. Nxb6 axb6 22. Qd1 g4 23. Qd3 Kg7 24. Bd2 Rh8 25. Bb4 Nc6 26. Rxc6 bxc6 27.
Re7+ 1-0

[Event "BRNO OPEN 2019 A - FIDE open"]
[Site "Brno"]
[Date "2019.11.03"]
[Round "1"]
[White "Chmelicek, Bronislav"]
[Black "Zacek, Petr"]
[Result "1/2-1/2"]
[WhiteElo "1935"]
[BlackElo "1512"]
[PlyCount "38"]
[EventDate "2019.11.03"]

1. e4 {[%emt 0:00:00]} c5 2. c3 Nf6 3. e5 Nd5 4. d4 e6 5. Nf3 Be7 6. Bc4 Nb6 7.
Bb3 Nc6 8. O-O d5 9. exd6 Qxd6 10. dxc5 Qxc5 11. Qe2 Qd6 12. Rd1 Qc7 13. Be3
O-O 14. Nbd2 Nd5 15. Ne4 Nxe3 16. Qxe3 h6 17. Rd2 Bd7 18. Rad1 Rad8 19. Nc5 Bc8
1/2-1/2

[Event "BRNO OPEN 2019 A - FIDE open"]
[Site "Brno"]
[Date "2019.11.03"]
[Round "1"]
[White "Hayrumyan, Artur"]
[Black "Ambros, Zdenek"]
[Result "0-1"]
[WhiteElo "1418"]
[BlackElo "1835"]
[PlyCount "48"]
[EventDate "2019.11.03"]

1. Nf3 c5 2. e4 Nc6 3. d4 cxd4 4. Nxd4 Nf6 5. Nc3 g6 6. Be3 Bg7 7. Be2 O-O 8.
Qd2 d6 9. h3 a6 10. Bh6 Bxh6 11. Qxh6 Nxd4 12. Bd3 Qa5 13. O-O-O Ne6 14. g4
Qg5+ 15. Qxg5 Nxg5 16. f4 Nxh3 17. Rdf1 Bxg4 18. Be2 h5 19. Bxg4 hxg4 20. e5
dxe5 21. fxe5 Nh5 22. Rh2 N3f4 23. Ne2 Nxe2+ 24. Rxe2 Ng3 0-1

[Event "BRNO OPEN 2019 A - FIDE open"]
[Site "Brno"]
[Date "2019.11.03"]
[Round "1"]
[White "Skurihin, Roman"]
[Black "Hlavac, Tomas"]
[Result "1-0"]
[WhiteElo "1830"]
[BlackElo "1381"]
[PlyCount "43"]
[EventDate "2019.11.03"]

1. e4 e6 2. d4 d5 3. Nc3 Ne7 4. f3 Nd7 5. Be3 b6 6. Qd2 Bb7 7. O-O-O Ng6 8. h4
h5 9. exd5 exd5 10. Bd3 Qf6 11. Bg5 Qxd4 12. Nge2 Qe5 13. Nf4 Ne7 14. Rhe1 Qd6
15. Nb5 Qc5 16. b4 Qc6 17. Bxe7 Bxe7 18. Nxd5 Kd8 19. Nxe7 Qf6 20. Qc3 Qf4+ 21.
Kb1 g6 22. Qxh8+ 1-0

[Event "BRNO OPEN 2019 A - FIDE open"]
[Site "Brno"]
[Date "2019.11.04"]
[Round "2"]
[White "Skurikhin, Dmitrij"]
[Black "Filippskikh, Oleksii"]
[Result "1-0"]
[WhiteElo "2295"]
[BlackElo "1966"]
[PlyCount "55"]
[EventDate "2019.11.03"]

1. e4 c5 2. Nf3 Nc6 3. Bb5 d6 4. d4 cxd4 5. Qxd4 Bd7 6. Bxc6 Bxc6 7. c4 Nf6 8.
Nc3 g6 9. Qd3 Bg7 10. O-O O-O 11. h3 a5 12. Be3 Nd7 13. Nd4 Nc5 14. Qc2 Ne6 15.
Ndb5 f5 16. f3 f4 17. Bf2 Rc8 18. Rad1 Bxb5 19. Nxb5 Qe8 20. Qd2 Qf7 21. b3 a4
22. Na7 axb3 23. Nxc8 bxa2 24. Nb6 a1=Q 25. Rxa1 Bxa1 26. Rxa1 Qf6 27. Rb1 Ng5
28. Nd7 1-0

[Event "BRNO OPEN 2019 A - FIDE open"]
[Site "Brno"]
[Date "2019.11.04"]
[Round "2"]
[White "Vesely, Jaromir"]
[Black "Chkhaidze, Nikoloz"]
[Result "0-1"]
[WhiteElo "1952"]
[BlackElo "2287"]
[PlyCount "84"]
[EventDate "2019.11.03"]

1. d4 Nf6 2. c4 g6 3. Nc3 Bg7 4. e4 O-O 5. e5 Ne8 6. f4 d6 7. Nf3 Bg4 8. Be2 e6
9. O-O Nc6 10. Be3 Ne7 11. h3 Bxf3 12. Bxf3 c6 13. Bf2 d5 14. c5 f6 15. Qe2
fxe5 16. fxe5 Bh6 17. g4 Bf4 18. h4 h5 19. Be3 Ng7 20. Bxf4 Rxf4 21. Qe3 g5 22.
Ne2 hxg4 23. Nxf4 gxf4 24. Qxf4 gxf3 25. Rxf3 Nef5 26. Rh3 Kh7 27. h5 Nh6 28.
Kh1 Qe7 29. Rg1 Ngf5 30. Rg6 Rg8 31. Rxg8 Kxg8 32. Rh2 Kh8 33. b4 Nf7 34. Rg2
Qh4+ 35. Qxh4 Nxh4 36. Rb2 a6 37. b5 axb5 38. a4 Nf5 39. Rb4 Ng5 40. axb5 Nf3
41. Ra4 N3xd4 42. b6 Nb3 0-1

[Event "BRNO OPEN 2019 A - FIDE open"]
[Site "Brno"]
[Date "2019.11.04"]
[Round "2"]
[White "Hofirek, Benedikt"]
[Black "Senasi, Martin"]
[Result "1-0"]
[WhiteElo "2269"]
[BlackElo "1942"]
[PlyCount "117"]
[EventDate "2019.11.03"]

1. d4 Nf6 2. c4 e6 3. Nc3 d5 4. cxd5 exd5 5. Bg5 c6 6. e3 Be7 7. Bd3 Qb6 8. Qc2
Na6 9. a3 Qa5 10. Rc1 Nc7 11. Nf3 h6 12. Bh4 Ne6 13. O-O O-O 14. h3 Bd7 15. b4
Qd8 16. Ne5 g5 17. Bg3 a5 18. Qb3 axb4 19. axb4 Qb6 20. Rb1 Rfc8 21. Na4 Qd8
22. Nc5 Ra7 23. Nexd7 Nxd7 24. Nxe6 fxe6 25. Bc2 Rca8 26. Qd3 Nf8 27. Rb3 Ra1
28. b5 Rxf1+ 29. Qxf1 Qa5 30. Qd3 Qe1+ 31. Kh2 Ra1 32. Bb1 c5 33. f4 Qc1 34.
dxc5 Bxc5 35. fxg5 hxg5 36. Bf2 Qc4 37. g4 Qc1 38. Kg2 Bd6 39. e4 Ng6 40. Be3
Nh4+ 41. Kf2 Qh1 42. Bxg5 Qg2+ 43. Ke1 Rxb1+ 44. Rxb1 Nf3+ 45. Kd1 Nxg5 46.
exd5 Ne4 47. Rb2 Qxb2 48. Qxe4 Qb3+ 49. Ke2 Qxb5+ 50. Ke3 Bc5+ 51. Kf4 Bd6+ 52.
Ke3 Bc5+ 53. Kf4 Qf1+ 54. Ke5 Kg7 55. dxe6 Qb5 56. Qd5 Qb2+ 57. Kf5 Qf2+ 58.
Ke5 Qe3+ 59. Kf5 1-0

[Event "BRNO OPEN 2019 A - FIDE open"]
[Site "Brno"]
[Date "2019.11.04"]
[Round "2"]
[White "Bacak, Petr Ml"]
[Black "Koutny, Petr"]
[Result "1/2-1/2"]
[WhiteElo "1938"]
[BlackElo "2217"]
[PlyCount "168"]
[EventDate "2019.11.03"]

1. e4 c5 2. Nf3 d6 3. d4 cxd4 4. Nxd4 Nf6 5. Nc3 Nc6 6. Bg5 e6 7. Qd2 a6 8.
O-O-O Bd7 9. f4 b5 10. Kb1 Qb6 11. Bxf6 gxf6 12. Nce2 h5 13. h4 Rg8 14. f5 Nxd4
15. Nxd4 e5 16. Ne2 b4 17. Rh3 Rc8 18. Ng3 Rh8 19. Be2 Ke7 20. Nxh5 Bh6 21.
Nxf6 Kxf6 22. Qxd6+ Qxd6 23. Rxd6+ Ke7 24. Rxa6 Rc6 25. Ra7 Rd6 26. Rd3 Rxd3
27. Bxd3 Be3 28. f6+ Kd6 29. Ra6+ Kc7 30. a3 bxa3 31. Rxa3 Rxh4 32. Bc4 Bc5 33.
Ra5 Kb6 34. Ra6+ Kb7 35. Ra5 Bd6 36. Bxf7 Rf4 37. Bd5+ Kb6 38. Ra8 Rxf6 39. Rg8
Rf4 40. Rg6 Kc7 41. Rg7 Bf8 42. Rg5 Bd6 43. Rg7 Rg4 44. Rxg4 Bxg4 45. Kc1 Kb6
46. Kd2 Bc5 47. Kd3 Bc8 48. Bc4 Be7 49. Bd5 Kb5 50. Bf7 Bd7 51. Bd5 Ka4 52. Bc4
Bg5 53. Kc3 Be3 54. Bb3+ Ka5 55. Kd3 Bc1 56. Kc3 Bg4 57. Bc4 Kb6 58. Bd3 Be3
59. b4 Be6 60. Bc4 Bd7 61. Kb3 Bg4 62. Bd3 Bd1 63. Bc4 Bd4 64. Bd3 Kc6 65. Bc4
Kd6 66. Bd3 Ke6 67. Kc4 Bh5 68. Kb3 Kf6 69. Bc4 Be8 70. Bd5 Ke7 71. Bc4 Be3 72.
Bd5 Kd6 73. Bc4 Bd7 74. Bd5 Bc8 75. Bc4 Bd2 76. Bd3 Kc6 77. Bc4 Bg4 78. Bd5+
Kb6 79. Bc4 Bd1 80. Bd3 Be3 81. Kc4 Kc6 82. Kb3 Bd4 83. Bc4 Ba1 84. Bd3 Bd4
1/2-1/2

[Event "BRNO OPEN 2019 A - FIDE open"]
[Site "Brno"]
[Date "2019.11.04"]
[Round "2"]
[White "Baklanova, Tatiana"]
[Black "Glozar, Petr"]
[Result "1/2-1/2"]
[WhiteElo "2173"]
[BlackElo "1908"]
[PlyCount "81"]
[EventDate "2019.11.03"]

1. d4 Nf6 2. Nf3 g6 3. Bf4 d5 4. h3 Bg7 5. e3 O-O 6. c4 c5 7. Nc3 cxd4 8. exd4
Be6 9. c5 Ne4 10. Bd3 Nxc3 11. bxc3 b6 12. cxb6 Qxb6 13. O-O Nc6 14. Qe2 a6 15.
Rfb1 Qa7 16. Rb2 Rfc8 17. Rab1 Nd8 18. Rb3 Rc6 19. Ne5 Bxe5 20. Bxe5 Qd7 21.
Bg3 Bf5 22. Bxf5 Qxf5 23. Qxe7 Ne6 24. Re1 Rac8 25. Re3 Ng7 26. Re5 Qd3 27.
Rxd5 Re8 28. Rd8 Re6 29. Rxe8+ Nxe8 30. Qd8 Qd1+ 31. Kh2 Re1 32. Bf4 h5 33. Be3
Rh1+ 34. Kg3 h4+ 35. Qxh4 Re1 36. Qd8 Rxe3+ 37. fxe3 Qe1+ 38. Kh2 Qxe3 39. Qb8
Kf8 40. Qe5 Qd2 41. Rb8 1/2-1/2

[Event "BRNO OPEN 2019 A - FIDE open"]
[Site "Brno"]
[Date "2019.11.04"]
[Round "2"]
[White "Pokladnik, Martin"]
[Black "Chudinovskikh, Alexander M"]
[Result "0-1"]
[WhiteElo "1934"]
[BlackElo "2149"]
[PlyCount "64"]
[EventDate "2019.11.03"]

1. e4 g6 2. d4 Bg7 3. Nc3 a6 4. Nf3 b5 5. Bd3 d6 6. Be3 Nd7 7. a4 b4 8. Na2 c5
9. c3 bxc3 10. Nxc3 cxd4 11. Nxd4 Ngf6 12. Rb1 Nc5 13. b4 Nxd3+ 14. Qxd3 Bb7
15. O-O Ng4 16. b5 Nxe3 17. fxe3 O-O 18. Rfc1 axb5 19. axb5 e6 20. Nc6 Qb6 21.
Ne2 Kh8 22. Ned4 Rae8 23. Qc4 Bh6 24. Rc3 d5 25. exd5 exd5 26. Qxd5 Bxe3+ 27.
Kh1 Kg8 28. Qd6 Kg7 29. h3 Re4 30. Nc2 Re6 31. Qd3 Bxc6 32. Nxe3 Be4 0-1

[Event "BRNO OPEN 2019 A - FIDE open"]
[Site "Brno"]
[Date "2019.11.04"]
[Round "2"]
[White "Myronenko, Natalya"]
[Black "Denisenko, Denis"]
[Result "0-1"]
[WhiteElo "1878"]
[BlackElo "2091"]
[PlyCount "76"]
[EventDate "2019.11.03"]

1. e4 e5 2. Bc4 Nf6 3. d3 c6 4. Nf3 d5 5. Bb3 a5 6. a3 a4 7. Ba2 Bd6 8. Nc3 Bc7
9. O-O O-O 10. Bg5 Be6 11. Re1 d4 12. Ne2 h6 13. Bd2 c5 14. Ng3 Nc6 15. Nh4 Ba5
16. Nhf5 Bxd2 17. Qxd2 Kh7 18. h4 Ng8 19. h5 Bxa2 20. Rxa2 g6 21. f4 gxf5 22.
Nxf5 Nge7 23. fxe5 Nxf5 24. exf5 Qd5 25. Raa1 Nxe5 26. Re4 Rg8 27. Qf4 f6 28.
Rae1 Rg5 29. R1e2 Rag8 30. Kf1 R8g7 31. Qh2 b5 32. Qh3 Ng4 33. Ke1 Ne3 34.
R2xe3 dxe3 35. Qxe3 Rxg2 36. Re7 Rg1+ 37. Kd2 R1g2+ 38. Ke1 Qxf5 0-1

[Event "BRNO OPEN 2019 A - FIDE open"]
[Site "Brno"]
[Date "2019.11.04"]
[Round "2"]
[White "Kovalenko, Vladimir N"]
[Black "Marsa, Alexandr"]
[Result "1/2-1/2"]
[WhiteElo "2079"]
[BlackElo "1873"]
[PlyCount "85"]
[EventDate "2019.11.03"]

1. e4 e6 2. d4 d5 3. e5 c5 4. c3 Nc6 5. Nf3 Qb6 6. a3 Nh6 7. b4 cxd4 8. cxd4
Bd7 9. Nc3 Nf5 10. Na4 Qd8 11. Be3 f6 12. exf6 Qxf6 13. Bd3 Nxe3 14. fxe3 Qh6
15. Qe2 Bd6 16. Nc5 Bxc5 17. bxc5 b6 18. cxb6 axb6 19. O-O O-O 20. Rfb1 e5 21.
Bb5 exd4 22. Bxc6 Qxc6 23. exd4 Bf5 24. Rc1 Qd6 25. Qe5 Qxe5 26. Nxe5 Ra4 27.
Nc6 Be4 28. Rc3 Rfa8 29. Rb3 Rc4 30. Ne5 Rxd4 31. Rxb6 h6 32. Rb2 Rda4 33. Rb3
Rc8 34. Nd3 Rc2 35. Nf2 Rd4 36. Nxe4 dxe4 37. Re1 Rdd2 38. Rg3 e3 39. h3 e2 40.
Re3 Ra2 41. Kf2 Kf7 42. R3xe2 Rxe2+ 43. Rxe2 1/2-1/2

[Event "BRNO OPEN 2019 A - FIDE open"]
[Site "Brno"]
[Date "2019.11.04"]
[Round "2"]
[White "Aird, Ian"]
[Black "Jires, Jiri"]
[Result "1/2-1/2"]
[WhiteElo "1853"]
[BlackElo "2077"]
[PlyCount "53"]
[EventDate "2019.11.03"]

1. e4 e5 2. Nf3 Nc6 3. Nc3 Nf6 4. Bb5 Bb4 5. O-O O-O 6. Nd5 Nxd5 7. exd5 Ne7 8.
Nxe5 Nxd5 9. d4 d6 10. Nf3 Ne7 11. c3 Ba5 12. Bg5 f6 13. Bf4 d5 14. Re1 Ng6 15.
Be3 Qd6 16. Be2 Nf4 17. Bf1 Bg4 18. Qa4 Bb6 19. Bxf4 Qxf4 20. Re3 c6 21. Rae1
Qd6 22. Qc2 Bc7 23. g3 Bxf3 24. Rxf3 Rae8 25. Rfe3 Rxe3 26. Rxe3 g6 27. Qe2
1/2-1/2

[Event "BRNO OPEN 2019 A - FIDE open"]
[Site "Brno"]
[Date "2019.11.04"]
[Round "2"]
[White "Tesar, Jan"]
[Black "Groiss, Werner"]
[Result "1-0"]
[WhiteElo "2029"]
[BlackElo "1823"]
[PlyCount "43"]
[EventDate "2019.11.03"]

1. d4 Nf6 2. Nc3 d5 3. Bg5 e6 4. e4 dxe4 5. Nxe4 Nbd7 6. Nf3 Be7 7. Nxf6+ Nxf6
8. Bd3 h6 9. Bxf6 Bxf6 10. c3 O-O 11. Qe2 Qd5 12. h4 e5 13. Bc4 Qc6 14. dxe5
Bg4 15. Bb5 Bxf3 16. gxf3 Qc5 17. exf6 c6 18. Bd3 Rfe8 19. Be4 gxf6 20. Qd3 Qe5
21. Rg1+ Kf8 22. O-O-O 1-0

[Event "BRNO OPEN 2019 A - FIDE open"]
[Site "Brno"]
[Date "2019.11.04"]
[Round "2"]
[White "Spodny, Josef"]
[Black "Kalinowska, Zuzanna"]
[Result "0-1"]
[WhiteElo "1821"]
[BlackElo "1998"]
[PlyCount "76"]
[EventDate "2019.11.03"]

1. d4 e6 2. Nf3 Nf6 3. Bg5 d5 4. e3 b6 5. Nbd2 Bb7 6. Bd3 Be7 7. c3 Nbd7 8. O-O
c5 9. Qa4 O-O 10. Ne5 c4 11. Bb1 Nxe5 12. dxe5 Ng4 13. Qc2 g6 14. Bf4 f6 15.
exf6 Bxf6 16. Qd1 Ne5 17. Bxe5 Bxe5 18. f4 Bg7 19. Nf3 Qe7 20. Bc2 Rae8 21. Qd2
b5 22. a3 a5 23. Ne5 Qc7 24. Qd4 Rb8 25. h3 Bc8 26. h4 b4 27. axb4 axb4 28. Ra7
Rb7 29. Rfa1 bxc3 30. bxc3 Bxe5 31. fxe5 Qf7 32. Rxb7 Qf2+ 33. Kh2 Bxb7 34. Ra7
Qxc2 35. Rxb7 Qf5 36. Re7 Rf7 37. Rxf7 Qxf7 38. Qf4 Qxf4+ 0-1

[Event "BRNO OPEN 2019 A - FIDE open"]
[Site "Brno"]
[Date "2019.11.04"]
[Round "2"]
[White "Piscopo, Pierluigi"]
[Black "Chmelicek, Bronislav"]
[Result "1/2-1/2"]
[WhiteElo "2398"]
[BlackElo "1935"]
[PlyCount "46"]
[EventDate "2019.11.03"]

1. e4 c6 2. d4 d5 3. e5 Bf5 4. Nf3 e6 5. Be2 Nd7 6. O-O c5 7. c3 cxd4 8. Nxd4
Bg6 9. Bf4 a6 10. Nd2 Bc5 11. N4f3 Ne7 12. b4 Ba7 13. c4 O-O 14. Bg5 f6 15.
exf6 Nxf6 16. cxd5 exd5 17. Nb3 h6 18. Bxf6 Rxf6 19. Nfd4 Qd6 20. Rc1 Raf8 21.
Nc5 b5 22. g3 Nf5 23. Bg4 Ne3 1/2-1/2

[Event "BRNO OPEN 2019 A - FIDE open"]
[Site "Brno"]
[Date "2019.11.04"]
[Round "2"]
[White "Vojtko, Imrich"]
[Black "Radsetoulal, Vlastimil"]
[Result "1/2-1/2"]
[WhiteElo "1451"]
[BlackElo "1643"]
[PlyCount "96"]
[EventDate "2019.11.03"]

1. d4 d5 2. g3 c6 3. h3 Nf6 4. Bg2 Bf5 5. Nc3 e6 6. Bd2 Bd6 7. Nf3 Nbd7 8. Nh4
Be4 9. Bg5 Bxg2 10. Nxg2 Qb6 11. Rb1 Qa5 12. O-O O-O 13. Bd2 Qb6 14. a3 Qxd4
15. Qe1 Ne5 16. Be3 Qc4 17. Bf4 Ne4 18. Ne3 Qc5 19. Nxe4 dxe4 20. Qc1 Rad8 21.
Rd1 Ng6 22. Bxd6 Rxd6 23. Rxd6 Qxd6 24. Qd1 Qe7 25. Qd4 Rd8 26. Qxe4 Qg5 27.
Rd1 Rxd1+ 28. Nxd1 f5 29. Qxe6+ Kf8 30. e3 f4 31. Qd6+ Ke8 32. exf4 Qf5 33. Kh2
Qxc2 34. Qb8+ Kf7 35. Qxb7+ Kf6 36. Qd7 Nf8 37. Qd4+ Kg6 38. Kg2 c5 39. Qd6+
Kf7 40. Qd5+ Ne6 41. Qd7+ Kf6 42. Ne3 Qe4+ 43. Kh2 Nd4 44. Nd5+ Kg6 45. Ne7+
Kf6 46. Ng8+ Kg6 47. Ne7+ Kf6 48. Nd5+ Kg6 1/2-1/2

[Event "BRNO OPEN 2019 A - FIDE open"]
[Site "Brno"]
[Date "2019.11.04"]
[Round "2"]
[White "Mazanec, Karel"]
[Black "Hayrumyan, Artur"]
[Result "0-1"]
[WhiteElo "1618"]
[BlackElo "1418"]
[PlyCount "50"]
[EventDate "2019.11.03"]

1. e4 e5 2. Nf3 d6 3. d4 exd4 4. Nxd4 Nf6 5. Nc3 Be7 6. Bd3 Nbd7 7. O-O Nc5 8.
Re1 O-O 9. Bc4 a6 10. a4 Ng4 11. f4 Kh8 12. h3 Nf6 13. Nf3 Be6 14. Bxe6 fxe6
15. Be3 Ncxe4 16. Nxe4 Nxe4 17. Nd4 Qd7 18. Bc1 d5 19. Nf3 Bc5+ 20. Be3 Bxe3+
21. Rxe3 Rxf4 22. c4 c6 23. Ne5 Qe7 24. Qh5 Kg8 25. g4 Raf8 0-1